Rivieren van Europa Kaart Quiz - Statistieken

Algemene statistieken
  • Deze quiz is 3.797 keer genomen
  • De gemiddelde score is 8 van 23
Antwoorden op de kaart
Antwoorden kleurgecodeerd door een groen-rode schaal op de quizkaart volgens % correct hieronder.
 
Antwoordstatistieken
Rivier % Correct
Rijn
91%
Don
84%
Donau
79%
Seine
72%
Po
59%
Theems
53%
Wolga
51%
Rhône
46%
Elbe
40%
Loire
36%
Tiber
29%
Taag
25%
Dnjepr
22%
Ebro
22%
Moezel
20%
Garonne
16%
Main
15%
Inn
14%
Wisła
14%
Douro
12%
Severn
9%
Dnjestr
7%
Glomma
5%
Geen overeenkomende quizzen gevonden
Scoreverdeling
Procent van Mensen met Elke Score
Percentiel versus Aantal Correcte Antwoorden
Uw Scoregeschiedenis
U heeft deze quiz nog niet genomen